000 00430pab a2200157 454500
008 180718b2011 xxu||||| |||| 00| 0 eng d
100 _aFlinders, Matthew
245 _aDaring to be a Daniel: The pathology of politicized accountability in a monitory democracy
260 _c2011
300 _ap.595-619.
362 _aJun
650 _aAccountability
773 _aAdministration and Society
908 _aN
909 _a93468
999 _c93468
_d93468